01044 a2200181 4500003000500000005001700005040000900022082001500031100002500046245007700071260004100148300001100189505047300200650003400673942001200707999001900719952012400738Nust20230301161151.0 cNust a327.73,DYE aDyer, Murray9109698 aThe weapon on the wall;brethinking psychological warfare /cMurray Dyer aBaltimorebJohns Hopkins Pressc1959 a269 p. aThe Role Of The Weapon (Page-1), The Nature Of Political Communication: The Premises (Page-22), The Nature Of Political Communication: The Operating Principles (Page-68), Wartime Difficulties And Problems (Page-98), An Instrument Of The Cold War (Page-117), The Tools And Requirement Of The Instrument (Page-140), The Requirements If The US Is To Develop The Instrument Effectively (Page-164), The Problems To Be Overcome (Page-194), Forging The Instrument (Page-223). aPsychological warfare.937044 2ddccBK c184274d184274 00102ddc4070aMCSbMCScGENd2016-12-12o327.73,DYEpMCS29388r2016-12-08w2016-12-12yBKzAlmirah No.73, Shelf No.5